[Event "Thessaloniki-Chalkidiki-chT"]
[Site "Thessaloniki"]
[Date "2022.04.02"]
[Round "6"]
[White "Limaraki, Nikoleta"]
[Black "Lagogianni, Niki Vasiliki"]
[Result "1/2-1/2"]
[WhiteElo "1110"]
[BlackElo "1219"]
[PlyCount "91"]
[EventDate "2022.02.20"]
[EventType "team-tourn"]
[EventRounds "7"]
[EventCountry "GRE"]
[SourceTitle "EXT 2024"]
[Source "ChessBase"]
[SourceDate "2023.10.10"]
[SourceVersion "1"]
[SourceVersionDate "2023.10.10"]
[SourceQuality "1"]

1. d4 Nf6 2. Bf4 g6 3. e3 Bg7 4. c4 0-0 5. Bd3 d6 6. Nf3 Nbd7 7. Nc3 Qe8 8. 0-0 a6 9. Be2 Nh5 10. Bg5 Ndf6 11. Re1 e5 12. Qc2 Rb8 13. Nd5 c6 14. Nxf6+ Nxf6 15. Qb3 Ne4 16. Bh4 Bg4 17. Nxe5 Bxe2 18. Nxg6 fxg6 19. Rxe2 Bf6 20. Bg3 Nxg3 21. hxg3 Bxd4 22. Rae1 Bg7 23. c5+ Qf7 24. Qxf7+ Rxf7 25. cxd6 Rd7 26. Rc1 Rxd6 27. g4 Rbd8 28. Rcc2 g5 29. g3 Re8 30. Kg2 Kf7 31. f4 Rde6 32. Kf3 h6 33. Rc5 gxf4 34. gxf4 Bd4 35. Rf5+ Kg7 36. e4 c5 37. Rd5 Rf8 38. e5 Rfe8 39. Rd7+ R8e7 40. Rxe7+ Rxe7 41. Ke4 Kf7 42. Kf5 Re6 43. b3 b5 44. Ke4 Rg6 45. Kf5 Re6 46. Ke4 1/2-1/2

[Event "GRE-ch U16 Girls"]
[Site "Patras"]
[Date "2021.07.03"]
[Round "2"]
[White "Lagogianni, Niki Vasiliki"]
[Black "Palaiochorinou, Agni"]
[Result "0-1"]
[WhiteElo "1196"]
[BlackElo "1102"]
[PlyCount "114"]
[EventDate "2021.07.02"]
[EventType "swiss"]
[EventRounds "7"]
[EventCountry "GRE"]
[SourceTitle "EXT 2023"]
[Source "ChessBase"]
[SourceDate "2022.10.05"]
[SourceVersion "1"]
[SourceVersionDate "2022.10.05"]
[SourceQuality "1"]

1. d4 d5 2. Nf3 Nf6 3. Bf4 Nbd7 4. e3 e6 5. Nbd2 Be7 6. Bd3 c6 7. c3 b6 8. 0-0 0-0 9. h3 a5 10. a4 Ba6 11. Qe2 Bxd3 12. Qxd3 c5 13. Ne5 h6 14. Nc6 Qe8 15. Nxe7+ Qxe7 16. Nf3 Ne8 17. e4 cxd4 18. Qxd4 dxe4 19. Qxe4 Nef6 20. Qd4 Rfd8 21. Bc7 Rdc8 22. Bd6 Qe8 23. Rfd1 Nc5 24. Bxc5 bxc5 25. Qe5 c4 26. Nd4 Nd7 27. Qd6 Nc5 28. Nb5 Qc6 29. Qxc6 Rxc6 30. Rd6 Rcc8 31. Kf1 Rcb8 32. Rc6 Nd3 33. Rb1 Rc8 34. Rb6 Nc5 35. Nd6 Rcb8 36. Nxc4 Nxa4 37. Rxb8+ Rxb8 38. Nxa5 Nxc3 39. Rc1 Ne4 40. Rc2 Nd6 41. Nc6 Ra8 42. Ne5 Nb5 43. Nf3 f6 44. Rc5 Rb8 45. Ke2 e5 46. Kd3 Nd6 47. Kc2 Ne4 48. Rc7 Nxf2 49. Nh4 g5 50. Nf5 h5 51. Nh6+ Kf8 52. Rf7+ Ke8 53. Rxf6 Rc8+ 54. Kb1 Nd3 55. Nf7 Rc1+ 56. Ka2 Ke7 57. Nxe5 Nb4+ 0-1

[Event "EU-Cup (Women) 23rd"]
[Site "Porto Carras"]
[Date "2018.10.17"]
[Round "6.3"]
[White "Mar, Karmen"]
[Black "Lagogianni, Niki Vasiliki"]
[Result "1-0"]
[WhiteElo "2107"]
[BlackElo "1152"]
[PlyCount "65"]
[EventDate "2018.10.12"]
[EventType "team-swiss"]
[EventRounds "7"]
[EventCountry "GRE"]
[SourceTitle "CBM 186 Extra"]
[Source "ChessBase"]
[SourceDate "2018.08.24"]
[SourceVersion "1"]
[SourceVersionDate "2018.08.24"]
[SourceQuality "1"]
[WhiteTeam "Maribor (W)"]
[BlackTeam "Thessaloniki Galaxias (W)"]
[WhiteTeamCountry "SLO"]
[BlackTeamCountry "GRE"]

1. e4 e5 2. Nf3 Nc6 3. Bc4 Bc5 4. d3 d6 5. Ng5 Nh6 6. h3 Qe7 7. 0-0 f6 8. Nf3 Nf7 9. c3 Bb6 10. b4 Be6 11. Bb5 0-0 12. Nbd2 a6 13. Ba4 Rfd8 14. Re1 Ba7 15. Qe2 b5 16. Bc2 d5 17. d4 Rd7 18. exd5 Bxd5 19. Nh4 exd4 20. Bxh7+ Kxh7 21. Qh5+ Kg8 22. Rxe7 Nxe7 23. cxd4 Bxd4 24. Qg4 Bc6 25. Rb1 Rad8 26. Nb3 Bb6 27. Bb2 Bd5 28. Bxf6 g5 29. Bxg5 Nxg5 30. Qxg5+ Kf8 31. Qf6+ Ke8 32. Re1 Bf7 33. Qh8+ 1-0

[Event "EU-Cup (Women) 23rd"]
[Site "Porto Carras"]
[Date "2018.10.15"]
[Round "4.3"]
[White "Lagogianni, Niki Vasiliki"]
[Black "Gaponenko, Inna"]
[Result "0-1"]
[WhiteElo "1152"]
[BlackElo "2409"]
[PlyCount "70"]
[EventDate "2018.10.12"]
[EventType "team-swiss"]
[EventRounds "7"]
[EventCountry "GRE"]
[SourceTitle "CBM 186 Extra"]
[Source "ChessBase"]
[SourceDate "2018.08.24"]
[SourceVersion "1"]
[SourceVersionDate "2018.08.24"]
[SourceQuality "1"]
[WhiteTeam "Thessaloniki Galaxias (W)"]
[BlackTeam "Kiev Chess Fed (W)"]
[WhiteTeamCountry "GRE"]
[BlackTeamCountry "UKR"]

1. e4 g6 2. d4 Bg7 3. f4 d6 4. Nf3 c5 5. c3 Nf6 6. Qd3 0-0 7. dxc5 dxc5 8. Qxd8 Rxd8 9. e5 Nd5 10. Bc4 Nb6 11. Na3 Nxc4 12. Nxc4 Nc6 13. 0-0 Bf5 14. Ne3 Bd3 15. Rf2 f6 16. exf6 exf6 17. Ne1 Be4 18. N1c2 Rd3 19. Rd2 Rad8 20. Re2 f5 21. Kf2 b5 22. Ne1 R3d7 23. N3c2 b4 24. cxb4 cxb4 25. a3 b3 26. Ne3 Nd4 27. Rd2 Rc7 28. Nd1 Rdc8 29. Nc3 Bb7 30. Rd1 Ne6 31. Ne2 Nc5 32. Ng3 Na4 33. Rb1 Rc2+ 34. Nxc2 bxc2 35. Be3 cxb1Q 0-1

[Event "GRE-chT 46th"]
[Site "Rio Achaia"]
[Date "2018.07.10"]
[Round "1.2"]
[White "Lagogianni, Niki Vasiliki"]
[Black "Mihailidou, Magdalini"]
[Result "0-1"]
[WhiteElo "1123"]
[BlackElo "1762"]
[PlyCount "88"]
[EventDate "2018.07.10"]
[EventType "team"]
[EventRounds "7"]
[EventCountry "GRE"]
[SourceTitle "CBM 185 Extra"]
[Source "ChessBase"]
[SourceDate "2018.07.29"]
[SourceVersion "1"]
[SourceVersionDate "2018.07.29"]
[SourceQuality "1"]
[WhiteTeam "My Mountains"]
[BlackTeam "Kavalas"]
[WhiteTeamCountry "GRE"]
[BlackTeamCountry "GRE"]

1. Nf3 Nf6 2. g3 g6 3. Bg2 Bg7 4. 0-0 0-0 5. d3 d6 6. Nbd2 e5 7. e4 c6 8. Qe1 a5 9. Nc4 b5 10. Ncd2 Na6 11. a4 Nd7 12. Nb3 Nb4 13. Qe2 Nb6 14. axb5 a4 15. c3 Nxd3 16. Qxd3 axb3 17. Rxa8 Nxa8 18. bxc6 Qc7 19. Nd2 Qxc6 20. c4 Be6 21. Qxb3 Nb6 22. Qb5 Qxb5 23. cxb5 Bd7 24. Rd1 Bxb5 25. Nb3 Ba4 26. Rd3 Rc8 27. Rxd6 Bxb3 28. Bg5 Rb8 29. Bf1 Na4 30. Bc1 Rc8 31. Rb6 Nxb6 32. Bd2 Na4 33. Bc3 Nxc3 34. bxc3 Rxc3 35. Kg2 Bc4 36. Bxc4 Rxc4 37. f3 Rc2+ 38. Kh3 h5 39. g4 hxg4+ 40. Kxg4 Rxh2 41. Kg3 Rb2 42. Kg4 f5+ 43. exf5 gxf5+ 44. Kxf5 Rb4 0-1